000 00376nam a2200133Ia 4500
008 240729s9999 xx 000 0 und d
245 0 _aJournal of the Pakistan Medical Association
260 _aPakistan
260 _bPakistan Medical Association
650 _aMedicine
856 _uhttps://doaj.org/toc/f2520a241a384d1898a834a01cfd3e08
942 _2ddc
942 _cDOAJEJ
999 _c72364
_d72364
945 _a1
_bMadushi Gamage
_c1
_dMadushi Gamage